LEADER 00772nam0-22002891i-450- 001 990002070300403321 005 20021010 035 $a000207030 035 $aFED01000207030 035 $a(Aleph)000207030FED01 035 $a000207030 100 $a20021010d--------km-y0itay50------ba 101 0 $aita 200 1 $a1927-1928$eMission Augieras - Draper 210 $aParis$cSociete d'editions geographiques$dmaritimes et coloniales$d1930 215 $a9 carte topografiche$d26 cm 610 0 $aViaggi 610 0 $aSpedizioni scientifiche 676 $a913 801 0$aIT$bUNINA$gRICA$2UNIMARC 901 $aBK 912 $a990002070300403321 952 $a61 X.7/56$b741$fDAGEN 959 $aDAGEN 996 $a1927-1928$9394171 997 $aUNINA DB $aING01 LEADER 01478nam2-2200385---450- 001 990003225240203316 005 20090422152012.0 035 $a000322524 035 $aUSA01000322524 035 $a(ALEPH)000322524USA01 035 $a000322524 100 $a20090422d1972----km-y0itay50------ba 101 $aeng 102 $aFR 105 $a||||||||001yy 200 1 $a<> Instruments et méthodes mathématiques. Calcul infinitésimal (intégration sur R, séries) séries de Fourier fonctions analytiques$fCharles Pisot, Marc Zamansky 205 $a2 edition$d1er cycle universitaire - 1 et 2er année. Preparation aux écoles d'ingenieurs. Ecoles d'ingenieurs 210 $aParis$cDunod$d1972 215 $aXVII, 243 p.$d24 cm 225 2 $aMonographies universitaires de mathématiques$v4 410 0$12001$aMonographies universitaires de mathématiques 454 1$12001 461 1$1001000322515$12001$aMonographies universitaires de mathématiques 606 0 $aMatematica$2BNCF 676 $a510 700 1$aPISOT,$bCharles$040865 701 1$aZAMANSKY,$bMarc$040866 801 0$aIT$bsalbc$gISBD 912 $a990003225240203316 951 $a510 PIS/5$b2405/cbs$c510$d00216285 959 $aBK 969 $aSCI 979 $aRSIAV7$b90$c20090422$lUSA01$h1520 996 $aInstruments et méthodes mathématiques. Calcul infinitésimal (intégration sur R, séries) séries de Fourier fonctions analytiques$91011703 997 $aUNISA